Tín ngưỡng Thiên Hậu vùng Tây Nam Bộ : Sách chuyên khảo
Giới thiệu tín ngưỡng và tín ngưỡng Thiên Hậu. Tìm hiểu thực trạng, đặc điểm và giá trị văn hóa thể hiện qua tín ngưỡng Thiên Hậu vùng Tây Nam Bộ
Сохранить в:
| Главный автор: | |
|---|---|
| Формат: | |
| Язык: | Undetermined |
| Опубликовано: |
Hà Nội
Chính trị Quốc gia Sự thật
2017
|
| Предметы: | |
| Метки: |
Добавить метку
Нет меток, Требуется 1-ая метка записи!
|
| Thư viện lưu trữ: | Trung tâm Học liệu Trường Đại học Cần Thơ |
|---|
| LEADER | 00942nam a2200229Ia 4500 | ||
|---|---|---|---|
| 001 | CTU_226997 | ||
| 008 | 210402s9999 xx 000 0 und d | ||
| 020 | |c 315000 | ||
| 082 | |a 390.09597 | ||
| 082 | |b Th460 | ||
| 100 | |a Nguyễn, Ngọc Thơ | ||
| 245 | 0 | |a Tín ngưỡng Thiên Hậu vùng Tây Nam Bộ : | |
| 245 | 0 | |b Sách chuyên khảo | |
| 245 | 0 | |c Nguyễn Ngọc Thơ | |
| 260 | |a Hà Nội | ||
| 260 | |b Chính trị Quốc gia Sự thật | ||
| 260 | |c 2017 | ||
| 520 | |a Giới thiệu tín ngưỡng và tín ngưỡng Thiên Hậu. Tìm hiểu thực trạng, đặc điểm và giá trị văn hóa thể hiện qua tín ngưỡng Thiên Hậu vùng Tây Nam Bộ | ||
| 650 | |a Manners and customs,Phong tục tập quán | ||
| 650 | |z Vietnam,Việt Nam | ||
| 910 | |b tttuyen | ||
| 980 | |a Trung tâm Học liệu Trường Đại học Cần Thơ | ||